ARRUPE JESUIT UNIVERSITY

CORONAVIRUS -STOP THE SPREAD - CLEAN,DISINFECT,COVER

Church and state : (Record no. 125910)

MARC details
000 -LEADER
fixed length control field 01020mam a2200313 a 4500
001 - CONTROL NUMBER
control field 1960190
003 - CONTROL NUMBER IDENTIFIER
control field ARRUPE
005 - DATE AND TIME OF LATEST TRANSACTION
control field 20170821142940.0
008 - FIXED-LENGTH DATA ELEMENTS--GENERAL INFORMATION
fixed length control field 970110s1996 sx b b 000 0 eng
010 ## - LIBRARY OF CONGRESS CONTROL NUMBER
LC control number 96981879
020 ## - INTERNATIONAL STANDARD BOOK NUMBER
International Standard Book Number 9991673504
035 ## - SYSTEM CONTROL NUMBER
System control number (OCoLC)ocm36201012
035 ## - SYSTEM CONTROL NUMBER
System control number (NNC)1960190
040 ## - CATALOGING SOURCE
Original cataloging agency DLC
Transcribing agency DLC
Modifying agency INU
042 ## - AUTHENTICATION CODE
Authentication code lcode
043 ## - GEOGRAPHIC AREA CODE
Geographic area code f-sx---
050 ## - LIBRARY OF CONGRESS CALL NUMBER
Classification number BX1682.N3 H973
092 ## - LOCALLY ASSIGNED DEWEY CALL NUMBER (OCLC)
Classification number 282.88109
Item number H937c
300 ## - PHYSICAL DESCRIPTION
Other physical details map ;
Dimensions 21 cm.
100 1# - MAIN ENTRY--PERSONAL NAME
Personal name Hunke, Heinz.
9 (RLIN) 28170
245 10 - TITLE STATEMENT
Title Church and state :
Remainder of title the political context of 100 years of Catholic mission in Namibia /
Statement of responsibility, etc by Heinz Hunke.
260 ## - PUBLICATION, DISTRIBUTION, ETC. (IMPRINT)
Place of publication, distribution, etc Windhoek :
Name of publisher, distributor, etc Roman Catholic Church,
Date of publication, distribution, etc 1996.
300 ## - PHYSICAL DESCRIPTION
Extent 123 p. :
500 ## - GENERAL NOTE
General note ISBN and publication statement from label on t.p. verso.
504 ## - BIBLIOGRAPHY, ETC. NOTE
Bibliography, etc Includes bibliographical references (p. 106-123).
610 20 - SUBJECT ADDED ENTRY--CORPORATE NAME
Corporate name or jurisdiction name as entry element Catholic Church
General subdivision Missions
Geographic subdivision Namibia
General subdivision History.
9 (RLIN) 28171
650 #0 - SUBJECT ADDED ENTRY--TOPICAL TERM
Topical term or geographic name as entry element Namibia
General subdivision Catholic Church
-- History.
9 (RLIN) 28172
710 2# - ADDED ENTRY--CORPORATE NAME
Corporate name or jurisdiction name as entry element Catholic Church.
9 (RLIN) 28173
942 ## - ADDED ENTRY ELEMENTS (KOHA)
Source of classification or shelving scheme Library of Congress Classification
Koha item type Monograph ( Printed materials)
Holdings
Withdrawn status Lost status Source of classification or shelving scheme Damaged status Not for loan Collection code Home library Current library Shelving location Date acquired Total Checkouts Full call number Barcode Date last seen Price effective from Koha item type
    Library of Congress Classification     Main Collection ARRUPE LIBRARY ARRUPE LIBRARY Main Collection 04/01/2017   BX1682.N3 H973 46500021118 22/11/2017 04/01/2017 Monograph ( Printed materials)

 

Arrupe Library. PO Box MP320 Mt Pleasant, Harare, Zimbabwe
263 242 745411|librarian@aju.ac.zw